| 000 | 00427nam a2200157 a 4500 | ||
|---|---|---|---|
| 005 | 20140310183259.0 | ||
| 008 | 041208s19uu xx 00 eng d | ||
| 050 |
_aPZ 7 _b.D644 1993 |
||
| 100 | _aDixon, Franklin W. | ||
| 245 |
_aThe hardy boys / _cFranklin W. Dixon. |
||
| 260 |
_aNew York, USA : _bGrosset & Dunlap, Inc., _c1993. |
||
| 300 |
_a474 p. : _c18 cm. |
||
| 650 | _aFiction. | ||
| 942 |
_cBK _2lcc |
||
| 999 |
_c20926 _d20926 |
||